Egyetemi ifjak ismerkedési estélye [rövid hír]
Elmentve itt :
| Dokumentumtípus: | Cikk |
|---|---|
| Megjelent: |
1921-03-09
|
| Sorozat: | Délmagyarország
2 No. 56 |
| Kulcsszavak: | Egyetemi hallgatók, kolozsvári |
| Online Access: | http://dmarchiv.bibl.u-szeged.hu/30512 |
| LEADER | 00440nab a2200145 i 4500 | ||
|---|---|---|---|
| 001 | delm30512 | ||
| 005 | 20180926105505.0 | ||
| 008 | 180926s1921 hu o 0|| hun d | ||
| 040 | |a SZTE Délmagyarország Archívum |b hun | ||
| 041 | |a hun | ||
| 245 | 0 | 0 | |a Egyetemi ifjak ismerkedési estélye |h [elektronikus dokumentum] : |b [rövid hír] |
| 260 | |c 1921-03-09 | ||
| 300 | |a 3 | ||
| 490 | 0 | |a Délmagyarország |v 2 No. 56 | |
| 695 | |a Egyetemi hallgatók, kolozsvári | ||